Statistics for Come In With The Rain (TV) - Taylor Swift (All Lyrics)

Click here to take the quiz!

General Stats

  • This quiz has been taken 13 times
  • The average score is 178 of 229

Answer Stats

Lyrics% Correct
come
100%
I
100%
I,
100%
in
100%
rain
100%
that
100%
That
100%
the
100%
with
100%
you
100%
here
90%
hopin'
90%
I'm
90%
know,
90%
know
90%
right
90%
you'll
90%
a
80%
all
80%
And
80%
and
80%
But
80%
door
80%
go
80%
I'll
80%
Just
80%
name,
80%
name
80%
wind,
80%
window
80%
your
80%
anymore
70%
back
70%
call
70%
'Cause
70%
could
70%
don't
70%
every
70%
far
70%
find
70%
have
70%
laugh
70%
leave
70%
let
70%
man
70%
me
70%
my
70%
open
70%
put
70%
reasons
70%
sing
70%
sky
70%
so
70%
song
70%
stand
70%
steps
70%
talk
70%
Talk
70%
tears
70%
there
70%
tired
70%
to
70%
too
70%
up
70%
wanna
70%
what
70%
why
70%
by
60%
can
60%
even
60%
got
60%
heart
60%
I've
60%
oh
60%
start
60%
wait
60%
who
60%
at
50%
clear
50%
else
50%
for
50%
night
50%
say
50%
these
50%
where
50%
down,
40%
long
40%
Screamed
40%
watched
40%
games
30%
yourself,
30%

Score Distribution

Percentile by Number Answered

Percent of People with Each Score

Your Score History

You have not taken this quiz